| 000 | 00942nam a22002897a 4500 | ||
|---|---|---|---|
| 003 | DO-SdBPM | ||
| 005 | 20250523091924.0 | ||
| 008 | 161205b2010 p a 00| 0 spa d | ||
| 020 | _a9786124026317 | ||
| 040 |
_aDO-SdBPM _bspa _cBPMSU _erda |
||
| 082 | 4 |
_a808.83 _bD618s 2010 _222 |
|
| 245 | 1 | 0 |
_aDiviertete coloreando : _bEl soldadito de plomo / _cadaptación Miguel Ángel Carhuatocto |
| 264 |
_aLima, Perú : _bEditorial Didáctica, _c2010 |
||
| 300 |
_a[10] p. : _bil.,; _c29 cm. |
||
| 336 |
_atexto _btxt _2reacontent |
||
| 337 |
_asin mediación _bn _2rdeamedia |
||
| 338 |
_avolumen _bnc _0rdacarrier |
||
| 490 | 0 |
_aDiviertete coloreando _v |
|
| 500 | _3 | ||
| 590 | _aInventariado, 2025/VM | ||
| 650 | 7 | _aCuentos infantiles | |
| 650 | 7 | _aLibros para colorear | |
| 650 | 7 | _aLibros ilustrados para niños | |
| 700 | 1 |
_aCarhuatocto, Miguel Ángel _eadaptación |
|
| 910 | _aVMateo V. Control de calidad. BPMSU | ||
| 942 |
_2ddc _cBK |
||
| 999 |
_c15091 _d15091 |
||